[Event "Västerås Open 26-28 September 2014"]
[Site "Växhuset, Västerås, Sweden"]
[Date "2014.09.28"]
[Round "8.1"]
[White "Solodovnitjenko, Jurij"]
[Black "Kunin, Vitaly"]
[Result "1-0"]
[LiveChessVersion "1.4.4"]
[BlackElo "2580"]
[WhiteElo "2566"]

1. e4 {[%clk 1:28:44]} g6 {[%clk 1:30:48]} 2. d4 {[%clk 1:29:09]} Bg7
{[%clk 1:31:09]} 3. Nc3 {[%clk 1:29:23]} a6 {[%clk 1:31:31]} 4. Be3
{[%clk 1:26:19]} b5 {[%clk 1:31:02]} 5. g4 {[%clk 1:26:38]} Bb7 {[%clk 1:31:01]}
6. Bg2 {[%clk 1:26:52]} d6 {[%clk 1:29:57]} 7. h4 {[%clk 1:27:15]} b4
{[%clk 1:27:20]} 8. Nce2 {[%clk 1:27:15]} Nf6 {[%clk 1:26:17]} 9. Ng3
{[%clk 1:26:36]} h5 {[%clk 1:25:19]} 10. gxh5 {[%clk 1:26:31]} Nxh5
{[%clk 1:25:08]} 11. Nxh5 {[%clk 1:26:56]} Rxh5 {[%clk 1:24:48]} 12. Bf3
{[%clk 1:24:03]} Rh8 {[%clk 1:23:02]} 13. h5 {[%clk 1:23:22]} gxh5
{[%clk 1:20:48]} 14. e5 {[%clk 1:22:57]} Qc8 {[%clk 1:17:56]} 15. Rxh5
{[%clk 1:21:57]} Rxh5 {[%clk 1:06:20]} 16. Bxb7 {[%clk 1:20:56]} Qxb7
{[%clk 1:06:09]} 17. Qxh5 {[%clk 1:21:23]} Qe4 {[%clk 1:02:03]} 18. Nf3
{[%clk 1:19:16]} Qg6 {[%clk 0:57:22]} 19. Qh1 {[%clk 1:15:57]} Qxc2
{[%clk 0:50:37]} 20. Ng5 {[%clk 1:10:07]} Ra7 {[%clk 0:43:44]} 21. e6
{[%clk 1:00:02]} fxe6 {[%clk 0:42:10]} 22. Qh5+ {[%clk 1:00:05]} Kd7
{[%clk 0:42:30]} 23. Qf7 {[%clk 1:00:11]} Qxb2 {[%clk 0:40:19]} 24. Qxe6+
{[%clk 0:59:51]} Kc6 {[%clk 0:35:31]} 25. Rc1+ {[%clk 0:59:29]} Kb6
{[%clk 0:35:30]} 26. Qc4 {[%clk 0:49:51]} Bh6 {[%clk 0:22:49]} 27. d5+
{[%clk 0:47:02]} Ka5 {[%clk 0:23:03]} 28. Bd4 {[%clk 0:45:47]} Qa3
{[%clk 0:22:11]} 29. Bxa7 {[%clk 0:42:34]} Bxg5 {[%clk 0:22:21]} 30. Rc2
{[%clk 0:38:57]} Qf3 {[%clk 0:17:03]} 31. Bxb8 {[%clk 0:38:46]} Qh1+
{[%clk 0:17:26]} 32. Ke2 {[%clk 0:39:14]} Qh5+ {[%clk 0:17:49]} 33. f3
{[%clk 0:39:28]} Qh2+ {[%clk 0:18:12]} 34. Kd3 {[%clk 0:39:46]} Qh7+
{[%clk 0:18:30]} 35. Qe4 {[%clk 0:40:08]} Qh1 {[%clk 0:18:53]} 36. Kc4
{[%clk 0:37:02]} Ka4 {[%clk 0:15:13]} 37. Re2 {[%clk 0:36:22]} b3
{[%clk 0:12:17]} 38. Kc3+ {[%clk 0:36:41]} Ka3 {[%clk 0:12:43]} 39. Qb4#
{[%clk 0:37:03]} 1-0

[Event "Västerås Open 26-28 September 2014"]
[Site "Växhuset, Västerås, Sweden"]
[Date "2014.09.28"]
[Round "8.2"]
[White "Smith, Axel"]
[Black "Hillarp Persson, Tiger"]
[Result "1/2-1/2"]
[LiveChessVersion "1.4.4"]
[BlackElo "2552"]
[WhiteElo "2481"]

1. d4 {[%clk 1:30:06]} Nf6 {[%clk 1:30:51]} 2. c4 {[%clk 1:29:55]} g6
{[%clk 1:31:13]} 3. Nc3 {[%clk 1:30:07]} Bg7 {[%clk 1:31:36]} 4. e4
{[%clk 1:30:35]} d6 {[%clk 1:31:56]} 5. Bd3 {[%clk 1:30:50]} O-O {[%clk 1:31:18]}
6. Nge2 {[%clk 1:31:19]} a6 {[%clk 1:29:28]} 7. O-O {[%clk 1:30:48]} Nbd7
{[%clk 1:29:35]} 8. Bc2 {[%clk 1:30:36]} c6 {[%clk 1:29:50]} 9. a4
{[%clk 1:30:33]} a5 {[%clk 1:30:03]} 10. h3 {[%clk 1:27:44]} Ne8 {[%clk 1:19:56]}
11. Be3 {[%clk 1:26:16]} Nc7 {[%clk 1:20:17]} 12. Qd2 {[%clk 1:23:44]} Na6
{[%clk 1:18:12]} 13. Rae1 {[%clk 1:23:40]} Nb4 {[%clk 1:09:47]} 14. Bb1
{[%clk 1:24:00]} b6 {[%clk 1:06:04]} 15. f4 {[%clk 1:23:14]} Ba6 {[%clk 0:57:44]}
16. b3 {[%clk 1:23:42]} e5 {[%clk 0:54:49]} 17. Na2 {[%clk 0:50:56]} Nxa2
{[%clk 0:43:36]} 18. Qxa2 {[%clk 0:51:23]} Qe7 {[%clk 0:30:33]} 19. Rf3
{[%clk 0:35:53]} exf4 {[%clk 0:26:14]} 20. Nxf4 {[%clk 0:35:32]} Bb7
{[%clk 0:23:40]} 21. Bf2 {[%clk 0:30:23]} Rae8 {[%clk 0:23:14]} 22. Qd2
{[%clk 0:28:17]} c5 {[%clk 0:21:45]} 23. dxc5 {[%clk 0:24:53]} Nxc5
{[%clk 0:21:32]} 24. Nd5 {[%clk 0:22:46]} Bxd5 {[%clk 0:21:24]} 25. exd5
{[%clk 0:15:58]} Qd8 {[%clk 0:19:22]} 26. Bc2 {[%clk 0:14:12]} Rxe1+
{[%clk 0:14:24]} 27. Qxe1 {[%clk 0:14:38]} Re8 {[%clk 0:14:00]} 28. Re3
{[%clk 0:15:05]} Rxe3 {[%clk 0:13:36]} 29. Qxe3 {[%clk 0:11:23]} Be5
{[%clk 0:13:46]} 30. Qf3 {[%clk 0:10:54]} h5 {[%clk 0:11:15]} 31. g4
{[%clk 0:09:36]} Qg5 {[%clk 0:09:40]} 32. Be3 {[%clk 0:09:19]} hxg4
{[%clk 0:09:36]} 33. Bxg5 {[%clk 0:08:07]} gxf3 {[%clk 0:09:56]} 34. Kf2
{[%clk 0:08:17]} f6 {[%clk 0:09:25]} 35. Bd2 {[%clk 0:07:10]} Kf7
{[%clk 0:09:16]} 36. Kxf3 {[%clk 0:07:32]} f5 {[%clk 0:06:40]} 37. Ke4 1/2-1/2

[Event "Västerås Open 26-28 September 2014"]
[Site "Växhuset, Västerås, Sweden"]
[Date "2014.09.28"]
[Round "8.3"]
[White "Tari, Aryan"]
[Black "Blomqvist, Erik"]
[Result "1-0"]
[LiveChessVersion "1.4.4"]
[BlackElo "2506"]
[WhiteElo "2456"]

1. e4 {[%clk 1:28:27]} c5 {[%clk 1:30:49]} 2. Nf3 {[%clk 1:28:48]} e6
{[%clk 1:31:05]} 3. d4 {[%clk 1:28:55]} cxd4 {[%clk 1:31:23]} 4. Nxd4
{[%clk 1:29:19]} Nc6 {[%clk 1:31:33]} 5. Nc3 {[%clk 1:29:30]} Qc7
{[%clk 1:31:44]} 6. Be3 {[%clk 1:29:39]} a6 {[%clk 1:31:55]} 7. Qd2
{[%clk 1:29:42]} Nf6 {[%clk 1:31:57]} 8. f3 {[%clk 1:29:29]} Be7 {[%clk 1:31:01]}
9. O-O-O {[%clk 1:29:37]} b5 {[%clk 1:30:57]} 10. g4 {[%clk 1:29:34]} Nxd4
{[%clk 1:30:27]} 11. Bxd4 {[%clk 1:28:48]} Bb7 {[%clk 1:30:19]} 12. Kb1
{[%clk 1:28:00]} O-O {[%clk 1:24:34]} 13. g5 {[%clk 1:18:18]} Nh5
{[%clk 1:24:49]} 14. Be3 {[%clk 1:17:56]} Rad8 {[%clk 1:08:05]} 15. Qf2
{[%clk 1:15:03]} Qc6 {[%clk 0:42:16]} 16. Bh3 {[%clk 1:03:46]} f5
{[%clk 0:39:39]} 17. Qh4 {[%clk 1:03:01]} f4 {[%clk 0:27:37]} 18. Bd4
{[%clk 1:01:33]} g6 {[%clk 0:25:41]} 19. Bg4 {[%clk 1:00:40]} Ng7
{[%clk 0:21:57]} 20. Bf6 {[%clk 1:00:04]} Bxf6 {[%clk 0:20:21]} 21. gxf6
{[%clk 1:00:26]} Ne8 {[%clk 0:20:19]} 22. f7+ {[%clk 1:00:29]} 1-0

[Event "Västerås Open 26-28 September 2014"]
[Site "Växhuset, Västerås, Sweden"]
[Date "2014.09.28"]
[Round "8.4"]
[White "Åkesson, Ralf"]
[Black "Westerberg, Jonathan"]
[Result "0-1"]
[LiveChessVersion "1.4.4"]
[BlackElo "2414"]
[WhiteElo "2471"]

1. Nf3 {[%clk 1:30:52]} d5 {[%clk 1:29:17]} 2. d4 {[%clk 1:31:03]} Nf6
{[%clk 1:29:41]} 3. c4 {[%clk 1:31:26]} dxc4 {[%clk 1:30:00]} 4. e3
{[%clk 1:31:36]} b5 {[%clk 1:30:27]} 5. a4 {[%clk 1:30:04]} b4 {[%clk 1:30:52]}
6. Bxc4 {[%clk 1:29:49]} e6 {[%clk 1:31:17]} 7. O-O {[%clk 1:28:30]} Be7
{[%clk 1:31:43]} 8. Nbd2 {[%clk 1:26:29]} Bb7 {[%clk 1:32:09]} 9. Qe2
{[%clk 1:19:45]} O-O {[%clk 1:32:33]} 10. e4 {[%clk 1:19:22]} c5 {[%clk 1:32:59]}
11. dxc5 {[%clk 1:16:47]} Nbd7 {[%clk 1:32:59]} 12. e5 {[%clk 1:09:36]} Nd5
{[%clk 1:33:23]} 13. Ne4 {[%clk 1:06:47]} Nxc5 {[%clk 1:33:48]} 14. Nxc5
{[%clk 1:05:52]} Bxc5 {[%clk 1:34:15]} 15. Ng5 {[%clk 1:02:13]} Be7
{[%clk 1:25:41]} 16. Qg4 {[%clk 0:56:39]} h6 {[%clk 1:18:13]} 17. Ne4
{[%clk 0:45:23]} Kh8 {[%clk 1:17:19]} 18. Re1 {[%clk 0:39:53]} Qc7
{[%clk 1:12:02]} 19. Ng3 {[%clk 0:38:18]} f5 {[%clk 1:10:29]} 20. exf6
{[%clk 0:37:33]} Nxf6 {[%clk 1:10:52]} 21. Qe2 {[%clk 0:30:37]} Bc5
{[%clk 1:08:26]} 22. Be3 {[%clk 0:22:19]} Qc6 {[%clk 1:00:33]} 23. Qf1
{[%clk 0:20:51]} Bxe3 {[%clk 0:58:35]} 24. Rxe3 {[%clk 0:20:58]} Ng4
{[%clk 0:58:32]} 25. Rf3 {[%clk 0:11:48]} Rxf3 {[%clk 0:58:18]} 26. gxf3
{[%clk 0:12:16]} Ne5 {[%clk 0:58:16]} 27. Be2 {[%clk 0:12:39]} Nxf3+
{[%clk 0:58:24]} 28. Bxf3 {[%clk 0:13:04]} Qxf3 {[%clk 0:58:50]} 29. Re1
{[%clk 0:12:56]} Rd8 {[%clk 0:58:34]} 30. Re3 {[%clk 0:12:26]} Qc6
{[%clk 0:57:02]} 31. Ne4 {[%clk 0:12:26]} Qxa4 {[%clk 0:56:08]} 32. Nc5
{[%clk 0:12:22]} Qc6 {[%clk 0:53:27]} 33. Nxb7 {[%clk 0:12:47]} Qxb7
{[%clk 0:53:53]} 34. Rxe6 {[%clk 0:13:10]} Qf3 {[%clk 0:52:58]} 35. Re3
{[%clk 0:12:54]} Qh5 {[%clk 0:51:56]} 36. Qc4 {[%clk 0:11:04]} a5
{[%clk 0:48:59]} 37. b3 {[%clk 0:10:59]} Qg6+ {[%clk 0:44:06]} 38. Rg3
{[%clk 0:10:58]} Qf5 {[%clk 0:43:28]} 39. Re3 {[%clk 0:09:23]} Rc8
{[%clk 0:42:00]} 40. Qe6 {[%clk 0:08:24]} Qg5+ {[%clk 0:20:31]} 41. Rg3
{[%clk 0:08:31]} Qc1+ {[%clk 0:19:45]} 42. Kg2 {[%clk 0:08:55]} Qc6+
{[%clk 0:19:55]} 43. Qxc6 {[%clk 0:09:19]} Rxc6 {[%clk 0:20:24]} 44. Rd3
{[%clk 0:09:04]} Rc5 {[%clk 0:20:13]} 45. h4 {[%clk 0:07:34]} Kg8
{[%clk 0:11:37]} 46. Rd7 {[%clk 0:07:33]} Rc2 {[%clk 0:11:36]} 47. Ra7
{[%clk 0:07:33]} Ra2 {[%clk 0:12:03]} 48. Kg3 {[%clk 0:06:39]} Ra3
{[%clk 0:12:24]} 49. Kg4 {[%clk 0:06:34]} Kf8 {[%clk 0:09:31]} 50. f4
{[%clk 0:06:48]} Kg8 {[%clk 0:07:19]} 51. Kf5 {[%clk 0:06:09]} Rxb3
{[%clk 0:07:29]} 52. Rxa5 {[%clk 0:06:34]} Rg3 {[%clk 0:07:50]} 53. Rb5
{[%clk 0:06:31]} b3 {[%clk 0:08:00]} 54. h5 {[%clk 0:06:13]} Kf7 {[%clk 0:08:01]}
55. Rb7+ {[%clk 0:06:31]} Ke8 {[%clk 0:08:16]} 56. Ke6 {[%clk 0:05:35]} Kd8
{[%clk 0:08:36]} 57. Kd6 {[%clk 0:03:06]} Kc8 {[%clk 0:08:46]} 58. Rb4
{[%clk 0:02:51]} Rd3+ {[%clk 0:08:22]} 59. Kc6 {[%clk 0:02:34]} Kd8
{[%clk 0:02:42]} 60. Rb7 {[%clk 0:02:57]} Rg3 {[%clk 0:02:12]} 61. Kd6
{[%clk 0:03:07]} Ke8 {[%clk 0:02:33]} 62. Ke6 {[%clk 0:03:12]} Re3+
{[%clk 0:02:47]} 63. Kf5 {[%clk 0:03:19]} Kf8 {[%clk 0:01:31]} 64. Kg6
{[%clk 0:02:52]} Rg3+ {[%clk 0:01:52]} 65. Kf5 {[%clk 0:03:11]} Kg8
{[%clk 0:01:59]} 66. Rb8+ {[%clk 0:03:06]} Kh7 {[%clk 0:02:23]} 67. Ke4
{[%clk 0:02:15]} Rh3 {[%clk 0:02:40]} 68. Rb5 {[%clk 0:00:48]} b2
{[%clk 0:02:10]} 69. Rxb2 {[%clk 0:01:12]} Rxh5 {[%clk 0:02:36]} 70. Rb6
{[%clk 0:00:54]} Ra5 {[%clk 0:02:26]} 71. f5 {[%clk 0:01:03]} Ra7
{[%clk 0:01:41]} 72. f6 {[%clk 0:00:45]} g5 {[%clk 0:00:52]} 73. Kf5
{[%clk 0:00:46]} Ra5+ {[%clk 0:01:07]} 74. Ke6 {[%clk 0:00:39]} Kg6
{[%clk 0:01:20]} 0-1

[Event "Västerås Open 26-28 September 2014"]
[Site "Växhuset, Västerås, Sweden"]
[Date "2014.09.28"]
[Round "8.5"]
[White "Semcesen, Daniel"]
[Black "Norberg, Johan"]
[Result "1-0"]
[LiveChessVersion "1.4.4"]
[BlackElo "2306"]
[WhiteElo "2472"]

1. d4 {[%clk 1:30:52]} d6 {[%clk 1:30:01]} 2. Nf3 {[%clk 1:31:06]} g6
{[%clk 1:30:05]} 3. c4 {[%clk 1:31:25]} Bg7 {[%clk 1:30:14]} 4. e4
{[%clk 1:31:40]} Nf6 {[%clk 1:28:27]} 5. Nc3 {[%clk 1:31:53]} O-O
{[%clk 1:28:26]} 6. h3 {[%clk 1:32:17]} e5 {[%clk 1:26:23]} 7. d5
{[%clk 1:31:45]} Nh5 {[%clk 1:19:28]} 8. Bg5 {[%clk 1:27:54]} Qe8
{[%clk 1:12:34]} 9. g3 {[%clk 1:24:05]} h6 {[%clk 1:09:38]} 10. Bd2
{[%clk 1:18:50]} f5 {[%clk 1:06:29]} 11. Be2 {[%clk 1:15:35]} Nf6
{[%clk 1:02:19]} 12. exf5 {[%clk 1:06:41]} gxf5 {[%clk 1:00:56]} 13. Be3
{[%clk 1:02:39]} Na6 {[%clk 0:56:12]} 14. Qd2 {[%clk 1:01:01]} Kh7
{[%clk 0:46:03]} 15. Nh4 {[%clk 0:54:18]} f4 {[%clk 0:16:40]} 16. gxf4
{[%clk 0:50:10]} exf4 {[%clk 0:17:00]} 17. Qd3+ {[%clk 0:42:51]} Kg8
{[%clk 0:17:03]} 18. Bd4 {[%clk 0:42:20]} Nb4 {[%clk 0:15:05]} 19. Qd2
{[%clk 0:40:42]} Ne4 {[%clk 0:14:17]} 20. Rg1 {[%clk 0:39:57]} Ng5
{[%clk 0:10:17]} 21. O-O-O {[%clk 0:37:18]} Bxd4 {[%clk 0:06:47]} 22. Qxd4
{[%clk 0:37:12]} Nxa2+ {[%clk 0:05:37]} 23. Nxa2 {[%clk 0:28:40]} Qxe2
{[%clk 0:06:02]} 24. Ng6 {[%clk 0:27:34]} Bf5 {[%clk 0:05:15]} 25. Rd2
{[%clk 0:27:45]} Qe4 {[%clk 0:04:22]} 26. Qxe4 {[%clk 0:26:56]} Bxe4
{[%clk 0:04:05]} 27. Nxf8 {[%clk 0:23:07]} Kxf8 {[%clk 0:04:32]} 28. Rg4
{[%clk 0:23:04]} Nxh3 {[%clk 0:04:55]} 29. Rh4 {[%clk 0:20:24]} Bf5
{[%clk 0:04:42]} 30. f3 {[%clk 0:20:19]} Kg7 {[%clk 0:03:18]} 31. Rh2
{[%clk 0:20:23]} Ng5 {[%clk 0:03:32]} 32. Rxf4 {[%clk 0:20:20]} Bg6
{[%clk 0:03:46]} 33. Nc3 {[%clk 0:19:38]} Re8 {[%clk 0:03:46]} 34. Kd2
{[%clk 0:19:10]} a6 {[%clk 0:03:27]} 35. Ne2 {[%clk 0:18:55]} b5 {[%clk 0:03:11]}
36. b3 {[%clk 0:16:33]} bxc4 {[%clk 0:03:27]} 37. bxc4 {[%clk 0:16:53]} Rb8
{[%clk 0:03:16]} 38. Kc3 {[%clk 0:16:45]} Rb1 {[%clk 0:02:51]} 39. Rg2
{[%clk 0:15:53]} a5 {[%clk 0:02:38]} 40. Nd4 {[%clk 0:15:40]} Re1
{[%clk 0:02:18]} 41. Re2 {[%clk 0:15:14]} Rxe2 {[%clk 0:01:48]} 42. Nxe2
{[%clk 0:15:40]} Bh5 {[%clk 0:01:09]} 43. Nd4 {[%clk 0:16:00]} Kg8
{[%clk 0:00:58]} 44. Nb5 {[%clk 0:13:09]} Nxf3 {[%clk 0:01:08]} 45. Nxc7
{[%clk 0:13:22]} Ne5 {[%clk 0:01:24]} 46. c5 {[%clk 0:12:48]} Nf7
{[%clk 0:00:49]} 47. c6 {[%clk 0:12:58]} 1-0

[Event "Västerås Open 26-28 September 2014"]
[Site "Växhuset, Västerås, Sweden"]
[Date "2014.09.28"]
[Round "8.7"]
[White "Borsuk, Jurij"]
[Black "Moen, Andreas"]
[Result "1/2-1/2"]
[LiveChessVersion "1.4.4"]
[BlackElo "2356"]
[WhiteElo "2300"]

1. e4 {[%clk 1:30:59]} e5 {[%clk 1:29:22]} 2. Nf3 {[%clk 1:31:17]} Nf6
{[%clk 1:29:45]} 3. Nc3 {[%clk 1:29:16]} Nc6 {[%clk 1:30:09]} 4. Bb5
{[%clk 1:29:23]} Bd6 {[%clk 1:24:16]} 5. d3 {[%clk 1:28:55]} a6 {[%clk 1:23:56]}
6. Bc4 {[%clk 1:29:03]} O-O {[%clk 1:17:10]} 7. a3 {[%clk 1:28:56]} Be7
{[%clk 1:14:07]} 8. O-O {[%clk 1:27:14]} d6 {[%clk 1:12:09]} 9. h3
{[%clk 1:24:03]} Bd7 {[%clk 1:08:29]} 10. Be3 {[%clk 1:24:05]} Na5
{[%clk 1:00:39]} 11. Ba2 {[%clk 1:24:27]} c5 {[%clk 1:01:05]} 12. Nd5
{[%clk 1:23:38]} Nxd5 {[%clk 0:56:36]} 13. Bxd5 {[%clk 1:23:33]} Nc6
{[%clk 0:56:35]} 14. c3 {[%clk 1:23:37]} Qc7 {[%clk 0:51:40]} 15. Rc1
{[%clk 1:23:47]} b6 {[%clk 0:45:10]} 16. d4 {[%clk 1:22:24]} Rab8
{[%clk 0:42:42]} 17. Qd3 {[%clk 1:20:40]} b5 {[%clk 0:42:58]} 18. dxc5
{[%clk 1:20:16]} dxc5 {[%clk 0:43:18]} 19. Rfd1 {[%clk 1:20:23]} Rbd8
{[%clk 0:38:37]} 20. b4 {[%clk 1:16:14]} c4 {[%clk 0:38:43]} 21. Qe2
{[%clk 1:16:43]} Bd6 {[%clk 0:28:30]} 22. Bg5 {[%clk 0:25:43]} Ne7
{[%clk 0:28:00]} 23. Nh4 {[%clk 0:25:20]} Kh8 {[%clk 0:22:24]} 24. Bxe7
{[%clk 0:22:01]} 1/2-1/2

[Event "Västerås Open 26-28 September 2014"]
[Site "Växhuset, Västerås, Sweden"]
[Date "2014.09.28"]
[Round "8.8"]
[White "Lindborg, Petter"]
[Black "Lindgren, Philip"]
[Result "1/2-1/2"]
[LiveChessVersion "1.4.4"]
[BlackElo "2342"]
[WhiteElo "2240"]

1. d4 {[%clk 1:29:03]} d5 {[%clk 1:30:40]} 2. c4 {[%clk 1:29:26]} c6
{[%clk 1:30:58]} 3. Nf3 {[%clk 1:29:49]} Nf6 {[%clk 1:31:18]} 4. e3
{[%clk 1:30:07]} Bf5 {[%clk 1:31:27]} 5. Nc3 {[%clk 1:30:12]} e6 {[%clk 1:31:48]}
6. Nh4 {[%clk 1:30:24]} Bg6 {[%clk 1:32:11]} 7. Be2 {[%clk 1:27:16]} Nbd7
{[%clk 1:32:09]} 8. Nxg6 {[%clk 1:19:44]} hxg6 {[%clk 1:31:23]} 9. Bd2
{[%clk 1:14:59]} Bd6 {[%clk 1:29:12]} 10. b3 {[%clk 1:10:43]} Qe7
{[%clk 1:26:49]} 11. Qc2 {[%clk 1:06:51]} a6 {[%clk 1:16:54]} 12. e4
{[%clk 0:52:44]} dxe4 {[%clk 1:11:42]} 13. Nxe4 {[%clk 0:52:58]} Nxe4
{[%clk 1:11:27]} 14. Qxe4 {[%clk 0:53:26]} Bb4 {[%clk 1:11:19]} 15. Rd1
{[%clk 0:51:27]} Rd8 {[%clk 1:01:06]} 16. O-O {[%clk 0:39:02]} Nf6
{[%clk 0:56:37]} 17. Qe3 {[%clk 0:35:08]} Bxd2 {[%clk 0:42:40]} 18. Rxd2
{[%clk 0:35:24]} O-O {[%clk 0:42:51]} 19. Rfd1 {[%clk 0:35:21]} Rd7
{[%clk 0:42:04]} 20. g3 {[%clk 0:33:50]} Rfd8 {[%clk 0:40:36]} 21. Kg2
{[%clk 0:30:25]} Qb4 {[%clk 0:38:08]} 22. Bf3 {[%clk 0:23:52]} a5
{[%clk 0:36:54]} 23. a4 {[%clk 0:19:18]} Ne8 {[%clk 0:29:42]} 24. Rd3
{[%clk 0:17:03]} Nc7 {[%clk 0:26:39]} 25. Qe5 {[%clk 0:13:43]} Na6
{[%clk 0:22:46]} 26. Be2 {[%clk 0:11:10]} Qb6 {[%clk 0:20:45]} 27. Bf3
{[%clk 0:06:43]} Nb4 {[%clk 0:18:44]} 28. R3d2 {[%clk 0:06:54]} Qc7
{[%clk 0:14:26]} 29. Qg5 {[%clk 0:00:44]} Rd6 {[%clk 0:06:51]} 30. Qe3
{[%clk 0:00:40]} Kf8 {[%clk 0:04:44]} 31. Qe5 {[%clk 0:01:02]} R6d7
{[%clk 0:04:26]} 32. Qg5 {[%clk 0:01:05]} Na6 {[%clk 0:02:29]} 33. h4
{[%clk 0:00:48]} Qb6 {[%clk 0:02:20]} 34. Qe3 {[%clk 0:00:58]} Qb4
{[%clk 0:02:16]} 35. Rd3 {[%clk 0:01:13]} Qe7 {[%clk 0:01:53]} 36. Qe5
{[%clk 0:01:06]} Nc5 {[%clk 0:00:41]} 37. Re3 {[%clk 0:01:08]} Qd6
{[%clk 0:00:36]} 38. Qg5 {[%clk 0:00:48]} Qe7 {[%clk 0:01:04]} 39. Qe5
{[%clk 0:00:46]} Qd6 {[%clk 0:00:42]} 40. Qg5 {[%clk 0:01:04]} Qe7
{[%clk 0:00:46]} 41. Qe5 {[%clk 0:01:16]} Qd6 {[%clk 0:00:32]} 42. Qg5 1/2-1/2